| 000 | 00633nam a2200229Ia 4500 | ||
|---|---|---|---|
| 003 | OSt | ||
| 005 | 20230328151101.0 | ||
| 008 | 210423s2005 xx 000 0 und d | ||
| 020 | _a921278630 | ||
| 040 | _cAL | ||
| 041 | _aeng | ||
| 082 | _a343.0998 AHUB | ||
| 100 |
_aAHUJA (B N) _979109 |
||
| 245 | _aHistory of Indian press: growth of newspapers in India | ||
| 260 |
_aNew Delhi _bSurjeeth Publications _c2005 |
||
| 300 |
_aVII,203 _bPB |
||
| 365 |
_b160 _cINR |
||
| 650 |
_aLaw _979110 |
||
| 650 |
_aMilitary Tax Trade Law _979111 |
||
| 906 | _agrowth ; History ; India ; Indian ; newspapers ; press: | ||
| 942 |
_2ddc _cBK |
||
| 999 |
_c156253 _d156253 |
||